[Event "Speed Chess Championship 2020"]
[Site "Online"]
[Date "2020.12.13"]
[Round "4.25"]
[White "Nakamura, Hikaru"]
[Black "Vachier-Lagrave, Maxime"]
[Result "1-0"]
[WhiteElo "2736"]
[BlackElo "2784"]
[Annotator "TA"]
[PlyCount "75"]
[EventDate "2020.10.31"]
[EventType "k.o."]
[EventCountry "NET"]
[SourceTitle "playchess.com"]
[Source "ChessBase"]
[SourceQuality "1"]

{[%evp 17,75,20,20,27,15,18,15,0,16,16,17,12,14,22,38,12,6,6,10,15,18,27,19,28,54,43,180,179,197,189,214,217,217,218,238,201,324,316,291,285,352,351,361,347,335,323,356,358,345,341,330,318,327,323,430,399,621,578,751,694]} 1. b3 Nf6 2. Bb2 g6 3. Nf3 Bg7 4. e3 O-O 5. d4 b6 6. Be2 Bb7 7. O-O e6 8. c4 d6 9. Nc3 Nbd7 10. Qc2 {E61: King's Indian: Early deviations for White, including Smyslov System.} c5 11. Rad1 Qe7 12. Rfe1 {The position is equal.} a6 13. e4 cxd4 14. Nxd4 Rfd8 15. Bf1 Nc5 16. g3 Rac8 17. Bg2 {[#]} h5 $146 ({Predecessor:} 17... Qc7 18. Qe2 Qb8 19. f3 Ba8 20. Nc2 Bc6 21. Nd4 Be8 22. f4 e5 23. fxe5 dxe5 {½-½ (44) Siklosi,Z (2400)-Kotronias,V (2510) Lenk 1990}) 18. h3 h4 19. g4 e5 20. Nf3 Ne6 21. Bc1 Nh7 {This move loses the game for Black.} (21... Rd7 $14) 22. Nd5 $18 Bxd5 23. exd5 Neg5 {[#]} 24. Nd4 $1 Qf6 25. Nc6 Re8 26. Qd3 e4 (26... Ra8 $142 27. Qe3 e4 28. Qxb6 Nf3+ 29. Bxf3 Qxf3) 27. Bxe4 Qc3 28. Kg2 Nxe4 29. Rxe4 Qxd3 30. Rxe8+ Rxe8 31. Rxd3 Re2 32. a4 Nf6 33. Bf4 Bf8 34. Bg5 Nd7 35. Re3 ({But not} 35. Bxh4 Nc5 $18) 35... Rb2 36. Bxh4 Nc5 (36... a5 $142 37. Bd8 f6) 37. b4 Nxa4 38. Bf6 {Weighted Error Value: White=0.04/Black=0.32} 1-0

[Event "Speed Chess Championship 2020"]
[Site "Online"]
[Date "2020.12.13"]
[Round "4.26"]
[White "Vachier-Lagrave, Maxime"]
[Black "Nakamura, Hikaru"]
[Result "0-1"]
[WhiteElo "2784"]
[BlackElo "2736"]
[Annotator "TA"]
[PlyCount "142"]
[EventDate "2020.10.31"]
[EventType "k.o."]
[EventCountry "NET"]
[SourceTitle "playchess.com"]
[Source "ChessBase"]
[SourceQuality "1"]

{[%evp 9,142,26,32,28,26,27,34,6,41,37,37,34,30,0,0,0,0,0,0,-29,-25,-33,65,77,75,68,76,60,58,22,32,21,112,0,0,0,0,0,0,0,0,0,14,10,38,50,165,168,292,283,228,78,84,83,83,108,394,388,5293,0,0,-87,0,-25,0,0,53,-8,-8,-8,0,0,0,-17,0,-24,0,0,0,0,0,0,0,0,0,0,0,0,0,0,0,0,0,0,0,0,0,0,0,0,0,-71,0,-243,-235,-268,-268,-268,-268,-666,-661,-1873,-1756,-29944,-29939,-4963,-9822,-29962,-29972,-29983,-29966,-29965,-29967,-29967,-29968,-29967,-29968,-29968,-29970,-29970,-29971,-29971,-29972,-29976,-29977]} 1. e4 e5 2. Nf3 Nc6 3. Bb5 a6 4. Ba4 g6 5. O-O Bg7 6. c3 {C70: Ruy Lopez: 3...a6 4 Ba4, Norwegian and Delayed Schliemann.} b5 7. Bc2 d6 8. a4 {White is slightly better.} Rb8 9. axb5 axb5 {[#]} 10. d4 $146 ({Predecessor:} 10. h3 Nf6 11. d4 O-O 12. Re1 Bb7 13. Bg5 h6 14. Bh4 exd4 15. cxd4 Nb4 16. Nbd2 Nxc2 17. Qxc2 {½-½ (31) Dominguez Perez,L (2713)-Ponomariov,R (2737) Nice 2010}) 10... exd4 11. cxd4 Bg4 12. Be3 Nge7 13. Nc3 {[%cal Bb1c3,Bc3e2,Be2g3][%mdl 32]} O-O 14. Ne2 d5 15. e5 Nf5 (15... f6 $15 16. exf6 Bxf6) 16. Bxf5 $14 Bxf5 17. Ng3 Bd7 18. Qd2 f6 {[%cal Rf6e5]} 19. exf6 Qxf6 20. Rfc1 Bg4 (20... Qd6 $11) 21. Ra6 ({White should try} 21. Qc2 $16 Bd7 22. Qb3) 21... Rb6 $11 22. Rxb6 cxb6 23. Ne5 Nxe5 24. dxe5 Qxe5 25. Bxb6 Qxb2 26. Qxd5+ Kh8 (26... Rf7 $5 {[%cal Rb2c1]} 27. Rc7 Qb1+ 28. Nf1 Qf5 29. Qa8+ Bf8 $11) 27. Re1 b4 (27... Qc3 $14 28. Rb1 Qc4 29. Qxb5 Qxb5 30. Rxb5 Rb8) 28. h3 $1 $18 {[%cal Rh3g4]} Bc8 (28... Bf5 $142) 29. Bc5 Rg8 30. Ne4 (30. Re7 $18 h5 31. Ne2) 30... h6 31. Nd6 b3 {...Qc3 is the strong threat.} 32. Kh2 $1 {Threatens to win with Ne8.} Qc2 $2 {[%mdl 8192]} (32... Qf6 $16) 33. Bd4 b2 $2 (33... Qc7 34. Bxg7+ Qxg7 35. Nf7+ Kh7) 34. Bxg7+ $2 (34. Re8 $1 $18 Rxe8 35. Bxg7+ Kxg7 36. Qf7+ {[%mdl 64] Double Attack} Kh8 37. Nxe8) 34... Rxg7 $11 35. Nxc8 (35. Ne8 $11 {remains equal.} b1=Q 36. Rxb1 Qxb1 37. Qe5 $1 {[%mdl 576] Pin}) 35... Qxc8 $18 {[%mdl 4096] Endgame KQR-KQR} (35... b1=Q $17 36. Rxb1 Qxb1) 36. Qb5 {Strongly threatening Re8+.} Qc7+ 37. g3 {[#]} Qb7 (37... Qc2 $1 $11 {[%mdl 512]} 38. Re8+ Kh7) 38. Qe8+ (38. Re8+ $1 $14 Kh7 39. Rb8 Qxb5 40. Rxb5) 38... Kh7 $11 39. Rb1 $132 {[%mdl 2048] White has counterplay} Qb6 40. Qe2 Rb7 41. h4 h5 42. Kg2 Qd4 43. Qc2 Qf6 44. Kh2 Kg7 45. Kg2 Qd4 46. Kh2 Kh6 47. Kg2 Kh7 48. Kh2 Qb4 49. Kg2 Qa3 50. Kh2 Qa2 51. Kg2 Qa8 {( -> ...Rc7+)} 52. Kh2 Qb8 53. Kg2 Rb6 54. Kh2 Rb4 {aiming for ...Rxh4+.} 55. Kg2 (55. Qe2 $11 {keeps the balance.}) 55... Kg7 ({Black should play} 55... Qe5 $17 56. Qc6 Qg7) 56. Kh2 $2 (56. Qc3+ $11 Kh7 57. f3) 56... Rxh4+ $1 $19 57. Kg1 Rb4 58. Qc3+ Kh7 59. Qc2 $2 (59. Kg2) 59... Qb7 60. Qd3 h4 61. Qc3 {Cut Off at move 61} h3 {[%csl Gh3][%cal Rb7g2]} 62. f3 Rb3 63. Qf6 Rxf3 {[%mdl 64] Double Attack. Black mates.} 64. Rxb2 Qa7+ ({And not} 64... Rxf6 65. Rxb7+ Kh6 66. Kh2 $11) 65. Qb6 Rxg3+ 66. Kh2 {[#]} Qxb6 $1 ({Stronger than} 66... Rg2+ 67. Kxh3 Qxb6 68. Rxb6 $11) 67. Rxb6 Rd3 68. Rb5 Kh6 69. Rb4 Kh5 70. Rb5+ g5 71. Rb4 g4 {Black used his chance.  Weighted Error Value: White=0.43/Black=0.30} 0-1

[Event "Speed Chess Championship 2020"]
[Site "Online"]
[Date "2020.12.13"]
[Round "4.27"]
[White "Nakamura, Hikaru"]
[Black "Vachier-Lagrave, Maxime"]
[Result "1-0"]
[WhiteElo "2736"]
[BlackElo "2784"]
[Annotator "TA"]
[PlyCount "121"]
[EventDate "2020.10.31"]
[EventType "k.o."]
[EventCountry "NET"]
[SourceTitle "playchess.com"]
[Source "ChessBase"]
[SourceQuality "1"]

{[%evp 17,121,2,12,12,16,8,18,11,0,0,0,0,6,-9,-7,-22,-6,-20,27,-4,-4,-6,0,0,0,-22,-10,-26,0,0,0,0,0,0,0,0,0,0,0,0,0,0,6,0,10,9,62,56,100,100,116,115,110,116,99,93,138,143,144,141,132,135,138,116,119,121,110,112,122,115,122,0,98,112,98,89,89,0,89,89,89,89,90,90,419,402,409,363,1481,1121,8138,6638,6486,5857,6012,5882,5882,4820,4134,2910,2593,2230,29976,29977,29986,29987]} 1. Nf3 Nf6 2. b3 g6 3. Bb2 Bg7 4. e3 O-O 5. d4 d6 6. Be2 Nbd7 7. O-O b6 8. c4 Bb7 9. Nc3 {9.Qc2 is the modern continuation.} e6 10. Qc2 {E61: King's Indian: Early deviations for White, including Smyslov System.} c5 11. Rad1 Qe7 12. Rfe1 {The position is equal.} a6 {[#]} 13. dxc5 $146 ({Predecessor:} 13. a4 Rac8 14. d5 e5 15. a5 bxa5 16. Ra1 h6 17. Rxa5 Nh7 18. Nd2 f5 19. Bf1 {1-0 (67) Firouzja,A (2728)-Gumularz,S (2526) Chess.com INT 2020}) 13... Nxc5 14. Nd2 Rfd8 15. Bf3 Rac8 16. Bxb7 Qxb7 17. Qb1 (17. b4 {keeps more tension.} Ncd7 18. Nce4 Qc7 19. Nxf6+ Nxf6 20. Rc1) 17... d5 (17... Ne8 {is more complex.} 18. Rc1 b5 19. Red1 bxc4 20. Nxc4 d5) 18. cxd5 Nxd5 19. Nxd5 Rxd5 20. Bxg7 Kxg7 21. Nf3 Rcd8 22. h4 h6 23. Rxd5 Qxd5 24. Qb2+ Kg8 25. Qc3 Ne4 26. Qc7 Qd6 27. Qxd6 Rxd6 $11 {[%mdl 4096] Endgame KRN-KRN} 28. Rc1 Kg7 29. Kf1 a5 30. Ke2 Nc5 31. Nd2 Nd3 (31... Rd5 $11) 32. Rc7 $14 b5 33. Ne4 Rd8 34. g4 a4 35. bxa4 bxa4 36. g5 h5 37. Rc4 a3 38. Rc3 Nb4 {White should prevent ...Ra8.} 39. Rxa3 Rc8 40. Rc3 Ra8 41. a3 Nd5 {[#] And now ...Ra4 would win.} 42. Rb3 Ra4 43. f3 Kf8 44. Rb8+ ({Better is} 44. Kd3 $16) 44... Ke7 (44... Kg7 $11 {remains equal.}) 45. Rb7+ $16 Kf8 46. Nd6 Rxa3 47. Rxf7+ Kg8 48. e4 Nc3+ {[#]} 49. Kf2 $1 {Rf6 is the strong threat.} Nb5 50. Rd7 Rd3 $2 {[%mdl 8192] Black cannot hold the game after this.} (50... Nd4 $16) 51. Rd8+ $18 Kh7 52. Nf7 Rxd8 $2 (52... Rc3 53. Ne5 Rc7) 53. Nxd8 {KN-KN} Nc7 54. Ke3 Kg7 55. Kd4 Kf8 56. Ke5 Ke7 57. Nc6+ Kf7 58. Nd4 Ke7 59. f4 Kf7 60. Kd6 Ne8+ 61. Kd7 {Weighted Error Value: White=0.07/Black=0.44} 1-0

[Event "Speed Chess Championship 2020"]
[Site "Online"]
[Date "2020.12.13"]
[Round "4.28"]
[White "Vachier-Lagrave, Maxime"]
[Black "Nakamura, Hikaru"]
[Result "0-1"]
[WhiteElo "2784"]
[BlackElo "2736"]
[Annotator "TA"]
[PlyCount "36"]
[EventDate "2020.10.31"]
[EventType "k.o."]
[EventCountry "NET"]
[SourceTitle "playchess.com"]
[Source "ChessBase"]
[SourceQuality "1"]

{[%evp 9,36,8,15,0,22,9,35,34,26,19,20,17,20,8,10,4,12,0,-3,-1,0,-4,25,-259,-258,-604,-604,-583,-578]} 1. d4 Nf6 2. c4 e6 3. Nf3 d5 4. e3 c5 5. Be2 Nc6 6. cxd5 {D30: Queen's Gambit Declined: Systems without Nc3.} Nxd5 7. O-O cxd4 8. Nxd4 {White is slightly better.} Bd7 {[#]} 9. Bf3 $146 ({Predecessor:} 9. e4 Nxd4 10. Qxd4 Nb4 11. Na3 Bc6 12. Qxd8+ Rxd8 13. Bb5 Bc5 14. Bxc6+ Nxc6 15. Nb5 {0-1 (37) Karas,M (2017)-Peterson,E (2239) Banska Stiavnica 2013}) 9... Nxd4 10. Qxd4 Bc6 11. Rd1 Qb6 12. Qe5 {[%cal Rf3d5]} Nf6 13. Bxc6+ Qxc6 14. Nc3 Be7 15. b3 Nd7 16. Rxd7 $4 {[%mdl 8192] [#]} ({Not} 16. Qxg7 $2 Bf6 $19) (16. Qb5 $11) 16... Bf6 $19 ({Less strong is} 16... Qxd7 17. Qxg7 O-O-O 18. g3 $15) ({Weaker is} 16... Kxd7 17. Qd4+ Ke8 18. Qxg7 $15) 17. Re7+ $2 (17. Rd6 Bxe5 18. Rxc6 bxc6 19. Bb2) 17... Kxe7 18. Ba3+ Ke8 {Weighted Error Value: White=0.74/Black=0.03} 0-1

[Event "Speed Chess Championship 2020"]
[Site "Online"]
[Date "2020.12.13"]
[Round "4.29"]
[White "Nakamura, Hikaru"]
[Black "Vachier-Lagrave, Maxime"]
[Result "1/2-1/2"]
[WhiteElo "2736"]
[BlackElo "2784"]
[Annotator "TA"]
[PlyCount "90"]
[EventDate "2020.10.31"]
[EventType "k.o."]
[EventCountry "NET"]
[SourceTitle "playchess.com"]
[Source "ChessBase"]
[SourceQuality "1"]

{[%evp 9,90,25,21,3,3,3,8,10,22,15,10,19,28,17,28,30,33,13,39,8,36,30,82,67,58,53,54,54,78,50,54,50,58,39,39,39,41,39,39,26,21,3,6,0,6,-58,-14,-23,22,-46,37,24,69,4,35,47,60,-118,-121,-114,50,50,50,50,50,50,52,45,55,31,33,0,0,0,0,0,0,0,0,0,0,0,6]} 1. Nf3 c5 2. b3 Nc6 3. Bb2 d6 4. d4 cxd4 5. Nxd4 Nf6 6. e3 {A04: Unusual lines after 1 Nf3 and King's Indian Attack.} e5 7. Nxc6 bxc6 8. c4 Be7 9. Be2 O-O 10. O-O a5 11. Nc3 {[#]} Be6 $146 ({Predecessor:} 11... Bb7 12. Bf3 Qc7 13. Rc1 Nd7 14. g3 f5 15. Ne2 Bf6 16. Bg2 Nc5 17. Ba3 e4 18. Bxc5 dxc5 {0-1 (102) Andersson,R (2074)-Bellon Lopez,J (2345) Gothenburg 2019}) 12. Qc2 Nd7 13. Na4 Qc7 14. Rfd1 f5 15. Rac1 c5 (15... Rf6 $11 {keeps the balance.}) 16. Nc3 $16 Nf6 17. Bf3 e4 18. Be2 Qc6 19. Nb5 Rfd8 20. Rd2 a4 21. Rcd1 axb3 22. axb3 Ne8 23. Qb1 Rd7 24. f3 Rad8 25. fxe4 fxe4 26. Kh1 Bg5 27. Bf1 (27. Nc3 $11) 27... Bg4 28. Re1 $1 Bf6 29. Be2 (29. Nc3 $11) 29... Be6 ({Black should play} 29... Bxe2 $15 30. Rdxe2 d5) 30. Nc3 $14 Rb8 31. Qc2 ({Better is} 31. Nxe4 $14 Bxb2 32. Rxb2) 31... Be5 32. Nxe4 {And now Ng5 would win.} Bxb2 33. Bf3 $2 (33. Ng5 $14 {was the only good move.} Nf6 34. Nxe6 (34. Qxb2 Bg4 $14)) 33... Bf5 $17 {[#] aiming for ...Rc7.} 34. Nf6+ $1 {[%mdl 512]} Nxf6 $2 ({Black should try} 34... Bxf6 $17 35. Qxf5 Qc7 36. Bd5+ {[#]} Rf7 $1 {[%mdl 512]}) 35. Qxf5 $14 Qa6 {Strongly threatening ...Bc3.} 36. Rxb2 Re7 37. Qd3 Kh8 38. Rd2 Rb6 39. e4 h6 40. e5 Rxe5 {The position is equal.} 41. Rxe5 dxe5 42. Qd8+ Kh7 43. Qd3+ Kh8 44. Qd8+ Kh7 45. Qd3+ Kh8 {Weighted Error Value: White=0.20/Black=0.19} 1/2-1/2

[Event "Speed Chess Championship 2020"]
[Site "Online"]
[Date "2020.12.13"]
[Round "4.30"]
[White "Vachier-Lagrave, Maxime"]
[Black "Nakamura, Hikaru"]
[Result "0-1"]
[WhiteElo "2784"]
[BlackElo "2736"]
[Annotator "TA"]
[PlyCount "60"]
[EventDate "2020.10.31"]
[EventType "k.o."]
[EventCountry "NET"]
[SourceTitle "playchess.com"]
[Source "ChessBase"]
[SourceQuality "1"]

{[%evp 9,60,-113,-115,-85,-99,-294,-293,-325,-275,-352,-349,-347,-354,-362,-348,-566,-559,-532,-167,-166,-84,-64,0,0,0,0,27,27,19,0,0,0,0,0,0,0,0,0,49,52,167,-150,-139,-153,-55,-67,0,-29984,-29985,-29985,-29986,-29973,-29971]} 1. e4 e5 2. Nc3 Nc6 3. f4 exf4 4. Nf3 g5 5. Bc4 g4 6. O-O {C25: Vienna Game: Alternatives to 2...Nf6.} gxf3 7. Bxf7+ $2 (7. Qxf3 $17 Bc5+ 8. Kh1) 7... Kxf7 $19 8. Qxf3 {[#] Black has a decisive advantage.} Qh4 $146 ({Predecessor:} 8... Bh6 9. d4 Nxd4 10. Qh5+ Kg7 11. Bxf4 d6 12. Be5+ {1-0 (12) Vachier Lagrave,M (2819)-Nakamura,H (2791) chess.com INT 2016}) 9. d4 Nxd4 10. Qd3 Ne6 11. Bxf4 Nxf4 {[#]} 12. Nd5 $2 (12. Rxf4+ $1 {[%mdl 512]} Qxf4 13. Rf1 Qxf1+ 14. Kxf1) 12... Bd6 {And now ...Nf6 would win.} 13. Nxf4 {intending g3.} Bxf4 $2 (13... Ke8 14. Qd4 Bxf4 15. Rxf4 Qxf4 16. Qxh8 Qe3+ 17. Kh1 Qg5 18. Qxh7 Ne7 19. Qh8+ Qg8) 14. g3 {[#]} Qg5 ({Black should try} 14... Qe7 $1 $19 {[%cal Re7c5]} 15. Rxf4+ Nf6) 15. Rxf4+ $17 Ke7 (15... Nf6 $15 16. Rf5 Qxf5 17. exf5 Re8) 16. Qd4 $1 $11 {[%cal Rd4h8]} Nf6 17. Rf5 $1 Qxf5 18. exf5 d5 19. Qe5+ Kf7 20. Re1 {Qe7+ would kill now.} Re8 21. Qxc7+ Bd7 22. Rxe8 Rxe8 23. Qxb7 Re2 24. Qxa7 Rxc2 {[#]} (24... h5 $14) 25. Qd4 $2 (25. g4 $1 $18 {[%cal Rg4g5] Threatens to win with g5.} h6 26. h3) 25... Bxf5 $17 26. a4 Be4 (26... Rc4 $17 27. Qa7+ Kg6) 27. h3 Nh5 (27... Rc1+ $15 28. Kf2 Rc4 29. Qa7+ Kg6) 28. Qe5 $2 {[%mdl 8192]} (28. Qa7+ $11 Ke6 29. Qb6+ Kf7 30. Qa7+ Kg8 31. Qb8+ Kf7 32. Qa7+) 28... Rg2+ {[%mdl 64] Double Attack. Black mates.} 29. Kf1 Nxg3+ 30. Ke1 Re2+ {Weighted Error Value: White=0.69/Black=0.42} 0-1

[Event "Speed Chess Championship 2020"]
[Site "Online"]
[Date "2020.12.13"]
[Round "4.31"]
[White "Nakamura, Hikaru"]
[Black "Vachier-Lagrave, Maxime"]
[Result "1-0"]
[WhiteElo "2736"]
[BlackElo "2784"]
[Annotator "TA"]
[PlyCount "181"]
[EventDate "2020.10.31"]
[EventType "k.o."]
[EventCountry "NET"]
[SourceTitle "playchess.com"]
[Source "ChessBase"]
[SourceQuality "1"]

{[%evp 9,180,-6,20,-2,0,-4,25,0,16,11,20,6,11,-6,7,0,0,0,0,0,0,0,0,0,0,0,13,0,0,0,0,0,0,0,0,-13,-16,-42,-43,-39,0,-37,19,8,59,62,102,82,235,235,247,135,134,132,141,122,124,133,125,123,205,195,206,200,225,225,234,229,225,180,253,230,273,224,276,168,579,577,494,469,885,860,760,732,5406,5381,1389,0,543,257,506,414,380,301,609,0,320,297,757,597,616,399,534,552,582,0,302,0,669,339,275,0,593,575,471,349,706,0,0,0,0,0,0,0,0,0,0,0,0,0,0,0,0,0,0,0,0,0,0,0,0,0,0,0,0,0,0,0,0,0,0,0,0,0,0,-18,-33,-28,-10,-27,-8,-8,-8,-20,0,0,0,0,432,432,29998,29999,29999]} 1. d4 Nf6 2. Nf3 b6 3. c4 Bb7 4. Nc3 e6 5. Qc2 d5 6. e3 {E12: Queen's Indian: Unusual White 4th moves, 4 a3, 4 Nc3 Bb7 5 a3 and 4 Nc3 Bb7 .} Be7 7. cxd5 Nxd5 8. a3 {White has an edge.} Nd7 9. Nxd5 Bxd5 {[#]} 10. Bb5 $146 ({Predecessor:} 10. e4 Bb7 11. Bf4 Rc8 12. Rd1 O-O 13. Bd3 c5 14. d5 c4 15. Be2 exd5 16. exd5 {0-1 (44) Kincs,I (2282)-Amstadt,A (2063) Zalakaros 2008}) 10... O-O 11. O-O c5 12. e4 Bb7 13. Rd1 {dxc5 is the strong threat.} a6 14. Bxd7 Qxd7 15. dxc5 Qc7 16. Be3 bxc5 17. Rac1 Rac8 18. Nd2 Rfd8 19. Nc4 h6 20. f3 Bf6 21. Rxd8+ Rxd8 22. Rd1 Bd4 23. Bxd4 cxd4 24. b3 h5 25. a4 h4 (25... e5 $15) 26. Qf2 $11 h3 (26... Qf4 $11) 27. Rxd4 $14 hxg2 28. Kxg2 Rb8 $2 {[#]} (28... f5 $16) 29. Qg3 $1 $18 {[%cal Rg3c7]} Qc8 30. a5 ({White should try} 30. h4 $18) 30... Bc6 $16 31. Nb6 Qf8 32. Qc7 Bb5 33. Qd6 Qe8 34. e5 g6 (34... Kh7 $16 35. Qc7 Bc6) 35. h4 Kg7 36. Qc7 Qh8 37. Qe7 Qh6 38. Qf6+ Kg8 39. Rf4 Rf8 (39... Qg7 {was necessary.} 40. Qg5 Qh8) 40. Kg3 Qh5 41. Rd4 Bc6 42. Nc4 Rb8 $2 (42... Qf5 {is more resistant.} 43. Qxf5 gxf5) 43. Rd8+ $18 Rxd8 44. Qxd8+ Kg7 (44... Kh7 $142 45. Qf6 Qf5 46. Qxf5 gxf5) 45. Qf6+ Kg8 46. Nd6 Qh7 47. Qd8+ Kg7 48. Qf6+ (48. Qc7 $142) 48... Kg8 49. Nc8 (49. Qe7 $142 {Threatens to win with Qd8+.} Qg7 50. Qd8+ Kh7 51. f4) 49... Bb5 $2 (49... Bb7 50. Qd8+ Kg7) 50. b4 Qh6 51. Qd8+ ({Much less strong is} 51. Nd6 Qf8 $18) 51... Kg7 $2 (51... Kh7 52. Qg5 Qg7) 52. Qf6+ Kg8 $1 53. Nd6 Qe3 $2 (53... Qf8 54. h5 gxh5 55. Qg5+ Kh8 56. Nxb5 axb5 57. Qxh5+ Kg8 58. Qg5+ Kh8) 54. Qxf7+ Kh8 55. Qf8+ Kh7 56. Qe7+ Kh8 57. Qf8+ Kh7 58. Qf7+ $2 (58. Ne4 Qg1+ 59. Kf4 Qh2+ 60. Kg4 Qg1+ 61. Kf4 Qh2+ 62. Kg4 Qg1+ 63. Ng3) 58... Kh8 $1 59. Qf6+ Kh7 60. Qe7+ $2 ({And not} 60. Qxe6 Qg1+ 61. Kf4 Qc1+ 62. Kg4 Qg1+ 63. Kf4 Qc1+ 64. Kg4 Qg1+ 65. Kf4 $11) (60. Nxb5 Qe1+ 61. Kh3 Qf1+ 62. Kg4 Qg2+ 63. Kf4 Qd2+ 64. Kg3 Qe1+ 65. Kh3 Qf1+ 66. Kg3 Qe1+) 60... Kh8 $1 61. Qd8+ {Cut Off at move 61} Kh7 62. Qc7+ Kh8 $2 (62... Kh6 63. Ne4 Qe1+ 64. Kg4 Qg1+ 65. Ng3 Qd4+ 66. Kh3 Qf4) 63. Nf7+ $2 (63. Qc5 $18 Qxc5 64. bxc5) 63... Kg8 $11 64. Ng5 {Qh7+ would kill now.} Qg1+ 65. Kf4 Qh2+ {[%mdl 64] [#] Double Attack} 66. Ke3 Qe2+ 67. Kd4 Qf2+ {[%mdl 64] Double Attack} 68. Kc3 Qe1+ 69. Kc2 Qe2+ 70. Kb3 Qd1+ 71. Kb2 Qd2+ $1 {[%mdl 64] Double Attack} 72. Kb3 Qd1+ 73. Kb2 {White threatens Qh7+ and mate.} Qd2+ $1 {[%mdl 64] Double Attack} 74. Qc2 Qxb4+ {[%mdl 64] Double Attack} 75. Kc1 Qe1+ 76. Kb2 Qb4+ 77. Qb3 Qd2+ $1 78. Ka3 Qxa5+ 79. Kb2 Qd2+ 80. Qc2 Qb4+ 81. Kc1 Qe1+ {[%mdl 64] Double Attack} 82. Kb2 Qxe5+ 83. Kb3 $1 {White wants to mate with Qc8+.} Qd5+ 84. Kb4 Qd6+ 85. Ka5 Qd8+ 86. Kb4 Qe8 87. Qc7 Qf8+ 88. Ka5 {[%csl Gg5][%cal Rc7h7]} Qa3+ $2 {[%mdl 8192]} (88... Qf5 $11 {and Black stays safe.}) 89. Kb6 $18 {Threatening mate with Qh7+.} Be8 (89... Qe3+ $18 90. Kb7 Be8 91. Qh7+ Kf8 92. Qh8+ Ke7 93. Qg7+ Kd6 94. Qc7+ Kd5 95. Qd8+ {[%mdl 64] Double Attack} Ke5 96. Qxe8 Qb3+ 97. Ka7 Qe3+ 98. Kb7 Qb3+ 99. Ka7 Qe3+ 100. Ka8 Qd3 101. Qxe6+ Kf4 102. Qf6+ Ke3 103. Qe5+ Kf2) 90. Qh7+ Kf8 91. Nxe6# {Weighted Error Value: White=0.70/Black=0.40} 1-0